000 00805naa a2200217 4500
001 165912
003 ES-MaBCM
005 20241016190915.0
008 090127s2009 esp|r0p 0 ||spa d
021 _axx
035 _a(OCoLC)1365178628
040 _cES-MaBCM
100 1 _aGarcía de la Mata, José Enrique
_986525
245 1 0 _aReflexión sobre la modificación de los contratos en la Ley 30/2007, de 30 de octubre, de contratos del sector público
_cJosé Enrique García de la Mata, Jorge Guillermo Pipaón Pulido
650 2 7 _aContratación administrativa
_958095
651 2 4 _aEspaña
_9115342
655 4 _aLegislación comentada
_9115338
700 1 _aPipaón Pulido, Jorge Guillermo
_986526
773 0 _aEn:
_tLa Ley
_dMadrid
_gV. 4 (2008), p. 1608-1612 (D-211)
_w104460
942 _cAREV
999 _c165912
_d165912